Recommendations to Member States 1988

Guardado en:
Detalles Bibliográficos
Formato: Libro
Lenguaje:inglés
Publicado: Strasbourg Council of Europe 1990
Etiquetas: Agregar Etiqueta
Sin Etiquetas, Sea el primero en etiquetar este registro!

MARC

LEADER 00000nam a2200000 4500
001 c034995
005 20250605100854.3
041 0 |a eng 
044 |a FR 
245 1 0 |a Recommendations to Member States 1988 
264 1 |a Strasbourg  |b Council of Europe  |c 1990 
300 |a Prer. s.